Missile envy : (Record no. 3134)

MARC details
000 -LEADER
fixed length control field 00912nac a22002651u 4500
010 ## - LIBRARY OF CONGRESS CONTROL NUMBER
LC control number 87108680
020 ## - INTERNATIONAL STANDARD BOOK NUMBER
International Standard Book Number 0553193848 (pbk.)
082 00 - DEWEY DECIMAL CLASSIFICATION NUMBER
Classification number 355.0217
Item number C1275
090 ## - LOCALLY ASSIGNED LC-TYPE CALL NUMBER (OCLC); LOCAL CALL NUMBER (OCLC)
-- 3134
-- 3134
100 ## - MAIN ENTRY--PERSONAL NAME
Personal name Caldicott, Helen.
245 10 - TITLE STATEMENT
Title Missile envy :
Remainder of title the arms race and nuclear war /
Statement of responsibility, etc Helen Caldicott.
250 ## - EDITION STATEMENT
Edition statement Rev. ed.
260 ## - PUBLICATION, DISTRIBUTION, ETC. (IMPRINT)
Place of publication, distribution, etc Toronto ;
-- New York :
Name of publisher, distributor, etc Bantam Books,
Date of publication, distribution, etc 1986.
300 ## - PHYSICAL DESCRIPTION
Extent 346 p. :
Other physical details ill. ;
Dimensions 21 cm.
500 ## - GENERAL NOTE
General note Includes index.
500 ## - GENERAL NOTE
General note Donations.
500 ## - GENERAL NOTE
General note Donations - Dr. Mostafa Gouda.
504 ## - BIBLIOGRAPHY, ETC. NOTE
Bibliography, etc Bibliography: p. 314-330.
650 #0 - SUBJECT ADDED ENTRY--TOPICAL TERM
Topical term or geographic name as entry element Nuclear weapons.
650 #0 - SUBJECT ADDED ENTRY--TOPICAL TERM
Topical term or geographic name as entry element Arms race
General subdivision History
Chronological subdivision 20th century.
650 #0 - SUBJECT ADDED ENTRY--TOPICAL TERM
Topical term or geographic name as entry element Nuclear warfare.
650 #0 - SUBJECT ADDED ENTRY--TOPICAL TERM
Topical term or geographic name as entry element World politics
Chronological subdivision 20th century.
942 ## - ADDED ENTRY ELEMENTS (KOHA)
Item type Book - Borrowing
Call number prefix 355.0217C1275
Holdings
Withdrawn status Item status Source of classification or shelving scheme Damaged status Not for loan Home library Current library Shelving location Date acquired Source of acquisition Total Checkouts Total Renewals Full call number Barcode Date last seen Date last borrowed Koha item type
    Dewey Decimal Classification     Central Library Central Library First floor 22/03/2007 Purchase 2 1 355.0217 CAL 000030111 15/07/2025 18/11/2013 Book - Borrowing